000 00695nam a2200205Ia 4500
003 GCL
008 140319s9999 xx 000 0 ara d
040 _aGCL /
_cGCL
082 0 4 _a701
_bش ف
100 1 _aفاطمة الجيوشى
245 1 0 _aالفن فى العصر الحديث: الاسطيطيقا وفلسفة الفن من القرن الثامن عشر وحنى يومنا هذا /
_cفاطمة الجيوشى
700 1 _aشيفر، جان مارى
300 _a495 ص
490 _aدراسات فلسفية
_v0
650 0 4 _aالفن
650 0 4 _aالجمال فى الفن
650 0 4 _aالفن - فلسفة
650 0 4 _aالجمال - تاريخ
942 _2ddc
_cBK
999 _c51067
_d51067